00337nam a2200121Ia 4500008004100000100001900041245004200060260006100102300000800163650002000171942000700191999001700198190216s9999||||xx |||||||||||||| ||und|| aDr.K K N Kurup 4aThe Keyis Of Malabar A Cultural Study bThe Malabar Institute For Research And Developmentc2008 a115 aIslamic History cBK c22820d22820